| 000 | 00395nam a22001697a 4500 | ||
|---|---|---|---|
| 005 | 20250127163508.0 | ||
| 008 | 250127b |||||||| |||| 00| 0 eng d | ||
| 020 | _a9780307951144 | ||
| 041 | _aEng | ||
| 082 | _a973.9270 BRA | ||
| 100 | _aBrands, W. H. | ||
| 245 | _aReagan : The Life | ||
| 260 |
_aNew York _bAnchor Books _c2016 |
||
| 300 | _a805;. P. | ||
| 650 | _aBiography | ||
| 942 | _cBK | ||
| 999 |
_c43209 _d43209 |
||